| 000 | 00581nam a2200205 i 4500 | ||
|---|---|---|---|
| 001 | bgj | ||
| 100 | 1 | _aKIRSCH, Hans-Christian. | |
| 245 | 1 | 0 |
_a...und küßte des Scharfrichters Tochter : _bHeinrich Heines erste Liebe / _cHans-Christian Kirsch. |
| 260 |
_aFrankfurt am Main : _bWolfgang Krüger Verlag, _c1978. |
||
| 300 |
_a277 s. ; _c20 cm. |
||
| 650 | 9 | _aPowieść niemiecka | |
| 020 | _a3810510106 | ||
| 040 | _cBPK | ||
| 041 | 0 | _ager | |
| 044 | _aDEU | ||
| 080 | _a821.112.2-3 | ||
| 920 | _a3-8105-1010-6 | ||
| 942 | _cKS | ||
| 008 | s gw f |000 0 ger | ||
| 999 |
_c50624 _d50624 |
||
| 856 |
_uhttp://koha.tu.koszalin.pl/cgi-bin/koha/opac-detail.pl?biblionumber=50624 _yKatalog online BPK |
||